Filosofía, formación ética y ciudadana ii : ética y participación ciudadana /
Guardado en:
| Autor Principal: | |
|---|---|
| Otros Autores: | |
| Formato: | Libro |
| Publicado: |
Buenos Aires :
Aique,
1999
|
| Materias: | |
| Etiquetas: |
Agregar Etiqueta
Sin Etiquetas, Sea el primero en etiquetar este registro!
|
| LEADER | 01534nam a22003375a 4500 | ||
|---|---|---|---|
| 001 | CEM.cems010233 | ||
| 005 | 20080228103428.0 | ||
| 008 | 130507s1999##################000#0#####d | ||
| 003 | CEMS | ||
| 020 | |a 9507016155 | ||
| 082 | 0 | 4 | |a Z320 |
| 100 | 1 | |a Schujman, Gustavo | |
| 245 | 1 | 0 | |a Filosofía, formación ética y ciudadana ii : |b ética y participación ciudadana / |c Gustavo Schujman , Erica Herszkowich |
| 260 | |a Buenos Aires : |b Aique, |c 1999 | ||
| 300 | |a 223 p. | ||
| 500 | |a Para 2°año Polimodal | ||
| 505 | 0 | |a Ciencia y ética : experimentación con animales, ética y medicina, la eutanasia -- Particpación ciudadana: la ciudadanía,la participación la solidaridad | |
| 653 | |a Formación ética y ciudadana | ||
| 653 | |a Formación ética y ciudadana-polimodal | ||
| 653 | |a Ética | ||
| 653 | |a Solidaridad | ||
| 653 | |a Ciudadanía | ||
| 700 | 1 | |a Herszkowich, Erica | |
| 859 | |a CEMS |b BIB. CEMS - 11 de abril |h Z320 |i Sch79 |p 20740.00 |t Ej.1 |v II |3 II | ||
| 859 | |a CEMS |b BIB. CEMS - 11 de abril |h Z320 |i Sch79 |p 21367.01 |t Ej.2 |v II |3 II | ||
| 859 | |a CEMS |b BIB. CEMS - 11 de abril |h Z320 |i Sch79 |p 21368.01 |t Ej.3 |v II |3 II | ||
| 859 | |a CEMS |b BIB. CEMS - 11 de abril |h Z320 |i Sch79 |p 21369.01 |t Ej.4 |v II |3 II | ||
| 859 | |a CEMS |b BIB. CEMS - 11 de abril |h Z320 |i Sch79 |p 22039.03 |t Ej.5 |v II |3 II | ||
| 859 | |a CEMS |b BIB. CEMS - 11 de abril |h Z320 |i Sch79 |p 22040.03 |t Ej.6 |v II |3 II | ||
| 859 | |a CEMS |b BIB. CEMS - 11 de abril |h Z320 |i Sch79 |p 22041.03 |t Ej.7 |v II |3 II | ||
| 859 | |a CEMS |b BIB. CEMS - 11 de abril |h Z320 |i Sch79 |p 22394.04 |t Ej.8 |v II |3 II | ||
